Funny Numbers - Statistics

General Stats
  • This quiz has been taken 103 times
  • The average score is 3 of 8
Answer Stats
Hint Answer % Correct
Why was 6 afraid of 7? 789
95%
Yin-yang of pleasure 69
78%
A dope number 420
55%
You know this one 67
39%
False sum 21
21%
Impressive shot 360
15%
Don't put this in your mathematical tool 5318008
5%
Geek-talk 1337
3%
No matching quizzes found
Score Distribution
Percent of People with Each Score
Percentile by Number Answered
Your Score History
You have not taken this quiz